| 000 | 00695nam a22001577a 4500 | ||
|---|---|---|---|
| 003 | OSt | ||
| 005 | 20150921143139.0 | ||
| 008 | 150921b xxu||||| |||| 00| 0 eng d | ||
| 040 | _cRUA | ||
| 082 | _aAGR KHA 2010 BO43 Or.1 | ||
| 100 |
_91014 _aKHAN, KOSAL |
||
| 245 | _aEffect of seen priming with various FTi-7 fertilizer concentrations on seed quality of ir 66 rice,(ឥទ្ធិពលនៃកា៥ត្រាំគ្រាប់ក្នុងកំហាប់ជីអេហ្វធីអាយ៧លើដំណុះនៃគ្រាប់ពូជស្រូវអ៊ីអ៊ែ៦៦). | ||
| 260 |
_aphnom phen _bRUA _c29CM. |
||
| 300 |
_aX,56P. _bILL. _c29CM. |
||
| 942 |
_2ddc _cAGR |
||
| 999 |
_c973 _d973 |
||